Central Library OPAC University of Rajshahi

Mantrap / (Record no. 82900)

MARC details
000 -LEADER
fixed length control field 00476nam a2200181 a 4500
003 - CONTROL NUMBER IDENTIFIER
rucl marc code BD-RjUL
005 - DATE AND TIME OF LATEST TRANSACTION
control field 20240201121549.0
008 - FIXED-LENGTH DATA ELEMENTS--GENERAL INFORMATION
fixed length control field 920409s1953 gw 000 1 eng d
035 ## - SYSTEM CONTROL NUMBER
System control number (BD-RjUL)
040 ## - CATALOGING SOURCE
Original cataloging agency ANL
Language of cataloging eng
Transcribing agency ANL
041 ## - LANGUAGE CODE
Language code of text/sound track or separate title eng
082 04 - DEWEY DECIMAL CLASSIFICATION NUMBER
Classification number 813.52
Edition number 19
Author mark and year LEM 1953?
100 1# - MAIN ENTRY--PERSONAL NAME
Personal name Lewis, Sinclair,
Dates associated with a name 1885-1951.
9 (RLIN) 11222
245 10 - TITLE STATEMENT
Title Mantrap /
Statement of responsibility, etc. by Sinclair Lewis.
260 ## - PUBLICATION, DISTRIBUTION, ETC. (IMPRINT)
Place of publication, distribution, etc. London :
Name of publisher, distributor, etc. The Readers Library
Date of publication, distribution, etc. [1953].
300 ## - PHYSICAL DESCRIPTION
Pagination 282p;
Size 16cm
942 ## - ADDED ENTRY ELEMENTS (KOHA)
Source of classification or shelving scheme Dewey Decimal Classification
Koha item type Books
Holdings
Lost status Source of classification or shelving scheme Damaged status Not for loan Collection code Permanent Location Current Location Shelving location Date acquired Total Checkouts Full call number Date last seen Copy number Koha item type
  Dewey Decimal Classification   Not For Loan Fiction Central Library, University of Rajshahi Central Library, University of Rajshahi Reading Room 01/02/2024   813.52 LEM 1953? 01/02/2024 C-1 Books